000 00423 a2200157 4500
999 _c6263
_d6263
020 _a9781779030665
050 _aTX 167 NYA 1995
100 _aNyagura, S
_eauthor
245 _aStep in primary home economics:
_bpupils'book 3/
_c S Nyagura & S Moyo
264 _aHarare:
_bLongman
_c1995
300 _a67p.:
_bill.
500 _aText
650 _aHome economics
700 _aMoyo, S
_eautor
942 _2lcc
_cBK
_h167
_iNYA
_kTX